|
|
|
|
| LEADER |
00000ny aa2200000n 44500 |
| 005 |
20110518125459.0 |
| 008 |
110503s mx 000 0 spa d |
| 020 |
|
|
|a 9786077620242
|
| 035 |
|
|
|a 5311
|
| 040 |
|
|
|a vLex
|
| 090 |
|
|
|c 2097
|d 2097
|
| 100 |
1 |
|
|a Espino Garca̕, Gabriel
|
| 245 |
1 |
0 |
|a Sustentabilidad de las empresas
|c /Gabriel Espino Garca̕
|h [Recurso electrn̤ico]
|
| 256 |
|
|
|a Servicio en ln̕ea.
|
| 260 |
|
|
|a Mx̌ico:
|b Instituto Mexicano de Contadores Pb︢licos,
|c 2009.
|
| 300 |
|
|
|a 1 recurso electrn̤ico
|
| 506 |
1 |
|
|a Contenido solo disponible en los productos indicados
|d vLex Global
|d vLex Global (Academic Edition, excluding Law Schools)
|d vLex Global (U.S. Academic Edition, Law Schools)
|d vLex Global (U.S. Academic Edition, excluding Law Schools)
|d vLex Global (Academic Edition, Law Schools)
|
| 710 |
2 |
|
|a Instituto Mexicano de Contadores Pb︢licos
|
| 740 |
0 |
|
|a vLex Libros (Servicio en ln̕ea)
|
| 856 |
|
|
|u http://vlex.com/source/sustentabilidad-empresas-5311
|z Acceso restringido
|
| 942 |
|
|
|c BOOK
|